Premier League XIs 2001-02 - Statistics

General Stats
  • This quiz has been taken 223 times
  • The average score is 74 of 220
Answer Stats
Position Answer % Correct
ST Thierry Henry Arsenal
93%
DF Ashley Cole Arsenal
91%
MF Joe Cole West Ham United
89%
GK David Seaman Arsenal
82%
DF Sol Campbell Arsenal
82%
DF Henning Berg Blackburn Rovers
81%
MF Patrick Vieira Arsenal
81%
ST Les Ferdinand Tottenham Hotspur
80%
DF Rio Ferdinand Leeds United
80%
MF David Beckham Manchester United
78%
MF Frank Lampard Chelsea
78%
MF Paul Scholes Manchester United
78%
ST Ruud van Nistelrooy Manchester United
78%
MF Steven Gerrard Liverpool
78%
DF Jamie Carragher Liverpool
76%
ST Michael Owen Liverpool
76%
DF Phil Neville Manchester United
75%
MF Robert Pirès Arsenal
75%
GK Fabien Barthez Manchester United
73%
MF Fredrik Ljungberg Arsenal
73%
DF Gary Neville Manchester United
73%
MF Roy Keane Manchester United
73%
ST Alan Shearer Newcastle United
72%
DF Bernt Haas Sunderland
72%
DF John Terry Chelsea
68%
ST Jimmy Floyd Hasselbaink Chelsea
67%
ST Ole Gunnar Solskjær Manchester United
67%
GK David James West Ham United
65%
DF Martin Keown Arsenal
62%
ST Emile Heskey Liverpool
61%
ST Gianfranco Zola Chelsea
61%
DF Lauren Arsenal
61%
DF Sami Hyypiä Liverpool
61%
ST Sylvain Wiltord Arsenal
61%
ST Teddy Sheringham Tottenham Hotspur
59%
GK Jerzy Dudek Liverpool
58%
DF Alan Wright Aston Villa
56%
GK Carlo Cudicini Chelsea
56%
MF Harry Kewell Leeds United
56%
MF Jermaine Wright Ipswich Town
56%
DF John Arne Riise Liverpool
56%
ST Mark Viduka Leeds United
56%
MF Juan Sebastián Verón Manchester United
55%
MF Emmanuel Petit Chelsea
54%
DF Marcel Desailly Chelsea
54%
GK Shay Given Newcastle United
54%
DF Laurent Blanc Manchester United
53%
DF Mikaël Silvestre Manchester United
53%
GK Paul Jones Southampton
53%
MF Ray Parlour Arsenal
53%
ST Kevin Phillips Sunderland
51%
DF Graeme Le Saux Chelsea
49%
DF Ledley King Tottenham Hotspur
49%
MF Danny Murphy Liverpool
48%
GK Edwin van der Sar Fulham
48%
GK Mark Schwarzer Middlesbrough
48%
GK Peter Schmeichel Aston Villa
48%
ST Robbie Fowler Leeds United
48%
GK Brad Friedel Blackburn Rovers
47%
ST Eiður Guðjohnsen Chelsea
47%
ST Paulo Di Canio West Ham United
47%
MF Simon Davies Tottenham Hotspur
47%
MF Damien Duff Blackburn Rovers
46%
ST Marcus Bent Ipswich Town
46%
MF Michael Carrick West Ham United
46%
DF William Gallas Chelsea
46%
DF Gareth Southgate Middlesbrough
45%
MF Lee Bowyer Leeds United
45%
ST Louis Saha Fulham
45%
DF Stéphane Henchoz Liverpool
45%
DF Aaron Hughes Newcastle United
44%
GK Ian Walker Leicester City
44%
MF Dietmar Hamann Liverpool
42%
MF Laurent Robert Newcastle United
42%
GK Nigel Martyn Leeds United
42%
MF Scott Parker Charlton Athletic
42%
DF Steve Finnan Fulham
41%
GK Jussi Jääskeläinen Bolton Wanderers
40%
DF Ian Harte Leeds United
39%
ST Craig Bellamy Newcastle United
38%
MF David Dunn Blackburn Rovers
38%
ST James Beattie Southampton
38%
MF Paul Ince Middlesbrough
38%
MF Sean Davis Fulham
38%
DF Wayne Bridge Southampton
38%
MF Darren Anderton Tottenham Hotspur
36%
DF Dean Richards Tottenham Hotspur
36%
MF Gus Poyet Tottenham Hotspur
35%
DF Mario Melchiot Chelsea
35%
MF Lee Hendrie Aston Villa
34%
GK Thomas Sørensen Sunderland
34%
MF Darren Williams Sunderland
33%
MF David Batty Leeds United
33%
ST Juan Pablo Ángel Aston Villa
33%
DF Luke Young Charlton Athletic
33%
DF Paul Williams Southampton
33%
MF Gary Speed Newcastle United
32%
ST Niall Quinn Sunderland
32%
MF Robbie Savage Leicester City
32%
DF Danny Mills Leeds United
31%
ST Darius Vassell Aston Villa
31%
GK Dean Kiely Charlton Athletic
29%
MF Gary McAllister Liverpool
29%
MF Muzzy Izzet Leicester City
29%
DF Steve Watson Everton
29%
DF Frank Sinclair Leicester City
28%
MF Kevin Nolan Bolton Wanderers
28%
MF Trevor Sinclair West Ham United
28%
DF Ugo Ehiogu Middlesbrough
28%
DF Andy O'Brien Newcastle United
27%
MF Paul Merson Aston Villa
27%
DF David Weir Everton
26%
DF Matt Elliott Leicester City
26%
MF Robbie Elliott Newcastle United
26%
DF Warren Barton Derby County
26%
MF Eirik Bakke Leeds United
25%
DF Michael Gray Sunderland
25%
MF Steed Malbranque Fulham
25%
ST Tomasz Radzinski Everton
25%
ST Matt Jansen Blackburn Rovers
24%
GK Neil Sullivan Tottenham Hotspur
24%
DF Steve Staunton Aston Villa
24%
MF Thomas Gravesen Everton
24%
DF David Unsworth Everton
22%
ST Fabrizio Ravanelli Derby County
22%
MF Matt Holland Ipswich Town
22%
MF Nolberto Solano Newcastle United
22%
DF Alan Stubbs Everton
21%
ST Alun Armstrong Ipswich Town
21%
DF Chris Powell Charlton Athletic
21%
MF Darryl Powell Derby County
21%
ST Frédéric Kanouté West Ham United
21%
ST Michael Ricketts Bolton Wanderers
21%
DF Dominic Matteo Leeds United
20%
ST Marian Pahars Southampton
20%
DF Mark Fish Charlton Athletic
20%
DF Nikos Dabizas Newcastle United
20%
MF Ricardo Gardner Bolton Wanderers
20%
ST Ade Akinbiyi Leicester City
19%
MF George Boateng Aston Villa
19%
DF Nigel Winterburn West Ham United
19%
DF Olof Mellberg Aston Villa
19%
MF Claus Jensen Charlton Athletic
18%
DF Claus Lundekvam Southampton
18%
MF Gavin McCann Sunderland
18%
MF Kevin Kilbane Sunderland
18%
DF Lucas Neill Blackburn Rovers
18%
DF Alessandro Pistone Everton
16%
MF Christian Ziege Tottenham Hotspur
16%
DF Colin Cooper Middlesbrough
16%
MF Graham Stuart Charlton Athletic
16%
MF Jason Euell Charlton Athletic
16%
MF John Collins Fulham
16%
ST Jonatan Johansson Charlton Athletic
16%
MF Keith Gillespie Blackburn Rovers
16%
ST Malcolm Christie Derby County
16%
DF Mark Delaney Aston Villa
16%
DF Mauricio Taricco Tottenham Hotspur
16%
DF Sylvain Distin Newcastle United
16%
MF Sylvain Legwinski Fulham
16%
DF Alain Goma Fulham
15%
ST Alen Bokšić Middlesbrough
15%
MF Anders Svensson Southampton
15%
GK Andy Oakes Derby County
15%
DF Callum Davidson Leicester City
15%
DF Gary Naysmith Everton
15%
MF Stefan Oakes Leicester City
15%
GK Steve Simonsen Everton
15%
DF Tomáš Řepka West Ham United
15%
MF Andy Impey Leicester City
14%
DF Chris Perry Tottenham Hotspur
14%
DF Chris Riggott Derby County
14%
DF Craig Short Blackburn Rovers
14%
MF Don Hutchison West Ham United
14%
DF Julio Arca Sunderland
14%
DF Bruno N'Gotty Bolton Wanderers
13%
MF Finidi George Ipswich Town
13%
MF Garry Flitcroft Blackburn Rovers
13%
DF Guðni Bergsson Bolton Wanderers
13%
DF Hermann Hreiðarsson Ipswich Town
13%
DF Mark Venus Ipswich Town
13%
MF Matthew Oakley Southampton
13%
MF Per Frandsen Bolton Wanderers
13%
DF Simon Charlton Bolton Wanderers
13%
MF Chris Marsden Southampton
12%
ST James Scowcroft Leicester City
12%
MF Jamie Clapham Ipswich Town
12%
DF Jason Dodd Southampton
12%
DF Jody Craddock Sunderland
12%
GK Matteo Sereni Ipswich Town
12%
MF Niclas Alexandersson Everton
12%
MF Paul Telfer Southampton
12%
MF Scot Gemmill Everton
12%
DF Stig Inge Bjørnebye Blackburn Rovers
12%
MF Barry Hayles Fulham
11%
DF Christian Dailly West Ham United
11%
DF Jorge Costa Charlton Athletic
11%
MF Mustapha Hadji Aston Villa
11%
ST Noel Whelan Middlesbrough
11%
MF Robbie Mustoe Middlesbrough
11%
DF Andy Melville Fulham
9%
DF Chris Makin Ipswich Town
9%
MF Jason McAteer Sunderland
9%
DF Paul Konchesky Charlton Athletic
9%
MF Jonathan Greening Middlesbrough
8%
DF Lee Marshall Leicester City
8%
DF Rufus Brevett Fulham
8%
MF Anthony Barness Bolton Wanderers
7%
DF Danny Higginbotham Derby County
7%
MF Franck Queudrue Middlesbrough
7%
DF John McGreal Ipswich Town
7%
MF Paul Warhurst Bolton Wanderers
7%
DF Mike Whitlow Bolton Wanderers
6%
DF Youl Mawéné Derby County
6%
MF Paul Boertien Derby County
5%
DF Robbie Stockdale Middlesbrough
5%
DF Sebastian Schemmel West Ham United
4%
MF Tugay Kerimoğlu Blackburn Rovers
2%
DF Luciano Zavagno Derby County
1%
MF Pierre Ducrocq Derby County
0%
No matching quizzes found
Score Distribution
Percent of People with Each Score
Percentile by Number Answered
Your Score History
You have not taken this quiz